Trease and Evans Pharmacognosy / (Record no. 16755)
[ view plain ]
| 000 -LEADER | |
|---|---|
| fixed length control field | 01205cam a22003254a 4500 |
| 001 - CONTROL NUMBER | |
| control field | 15672759 |
| 005 - DATE AND TIME OF LATEST TRANSACTION | |
| control field | 20130207134335.0 |
| 008 - FIXED-LENGTH DATA ELEMENTS--GENERAL INFORMATION | |
| fixed length control field | 090324s2009 stka b 001 0 eng |
| 020 ## - INTERNATIONAL STANDARD BOOK NUMBER | |
| International Standard Book Number | 9780702029332 (alk. paper) |
| 020 ## - INTERNATIONAL STANDARD BOOK NUMBER | |
| International Standard Book Number | 0702029335 (alk. paper) |
| 020 ## - INTERNATIONAL STANDARD BOOK NUMBER | |
| International Standard Book Number | 9780702029349 (international ed.) |
| 020 ## - INTERNATIONAL STANDARD BOOK NUMBER | |
| International Standard Book Number | 0702029343 (international ed.) |
| 040 ## - CATALOGING SOURCE | |
| Original cataloging agency | DNLM/DLC |
| Transcribing agency | DLC |
| Modifying agency | NLM |
| -- | UKM |
| -- | BTCTA |
| -- | C#P |
| -- | YDXCP |
| -- | DLC |
| 082 00 - DEWEY DECIMAL CLASSIFICATION NUMBER | |
| Classification number | 615.321 |
| Edition number | 22 |
| Item number | EVA |
| 100 1# - MAIN ENTRY--PERSONAL NAME | |
| Personal name | Evans, William Charles. |
| 9 (RLIN) | 30052 |
| 245 10 - TITLE STATEMENT | |
| Title | Trease and Evans Pharmacognosy / |
| Statement of responsibility, etc | William Charles Evans. |
| 246 30 - VARYING FORM OF TITLE | |
| Title proper/short title | Pharmacognosy |
| 250 ## - EDITION STATEMENT | |
| Edition statement | 16th ed. / |
| Remainder of edition statement | rev. with the assistance of Daphne Evans. |
| 260 ## - PUBLICATION, DISTRIBUTION, ETC. (IMPRINT) | |
| Place of publication, distribution, etc | Edinburgh ; |
| -- | New York : |
| Name of publisher, distributor, etc | Saunders/Elsevier, |
| Date of publication, distribution, etc | 2009. |
| 300 ## - PHYSICAL DESCRIPTION | |
| Extent | vi, 603 p. : |
| Other physical details | ill. ; |
| Dimensions | 29 cm. |
| 504 ## - BIBLIOGRAPHY, ETC. NOTE | |
| Bibliography, etc | Includes bibliographical references and index. |
| 541 ## - IMMEDIATE SOURCE OF ACQUISITION NOTE | |
| Source of acquisition | Donation from Baccah |
| 650 #0 - SUBJECT ADDED ENTRY--TOPICAL TERM | |
| Topical term or geographic name as entry element | Pharmacognosy. |
| 9 (RLIN) | 30053 |
| 650 12 - SUBJECT ADDED ENTRY--TOPICAL TERM | |
| Topical term or geographic name as entry element | Pharmacognosy. |
| 9 (RLIN) | 30054 |
| 653 ## - INDEX TERM--UNCONTROLLED | |
| Resource For college | |
| Arrived date list | June2012 |
| -- | February2013 |
| 700 1# - ADDED ENTRY--PERSONAL NAME | |
| Personal name | Evans, Daphne. |
| 9 (RLIN) | 30055 |
| 700 1# - ADDED ENTRY--PERSONAL NAME | |
| Personal name | Trease, George Edward, |
| Dates associated with a name | 1902-1986. |
| 9 (RLIN) | 30056 |
| 942 ## - ADDED ENTRY ELEMENTS (KOHA) | |
| Source of classification or shelving scheme | Dewey Decimal Classification |
| Item type | Book - Borrowing |
| Withdrawn status | Item status | Source of classification or shelving scheme | Damaged status | Not for loan | Vendor | Home library | Current library | Shelving location | Date acquired | Source of acquisition | Cost, normal purchase price | Serial Enumeration / chronology | Total Checkouts | Full call number | Barcode | Date last seen | Date last borrowed | Cost, replacement price | Koha item type | Materials specified (bound volume or other part) | Total Renewals | Checked out |
|---|---|---|---|---|---|---|---|---|---|---|---|---|---|---|---|---|---|---|---|---|---|---|
| Dewey Decimal Classification | Donation-Gift | Central Library | Central Library | First floor | 07/06/2012 | Donation | 195.00 | 15252 | 1 | 615.321 EVA | 000026801 | 31/07/2025 | 03/03/2025 | 243.75 | Book - Borrowing | |||||||
| Dewey Decimal Classification | Donation-Gift | Central Library | Central Library | First floor | 07/06/2012 | Donation | 195.00 | 15252 | 615.321 EVA | 000026802 | 15/07/2025 | 243.75 | Book - Borrowing | |||||||||
| Dewey Decimal Classification | Baccah | Central Library | Central Library | First floor | 07/02/2013 | 195.00 | 615.321 EVA | 000028051 | 15/07/2025 | 243.75 | NB - Book (Non borrowing) | |||||||||||
| Lost | Dewey Decimal Classification | Baccah | Central Library | Central Library | First floor | 07/02/2013 | 195.00 | 615.321 EVA | 000028052 | 23/06/2013 | 243.75 | Book - Borrowing | Lost In Inventory_2015-8-23 | |||||||||
| Dewey Decimal Classification | Baccah | Central Library | Central Library | First floor | 07/02/2013 | 195.00 | 1 | 615.321 EVA | 000028053 | 08/10/2015 | 08/10/2015 | 243.75 | Book - Borrowing | 1 | 14/03/2017 | |||||||
| Dewey Decimal Classification | Baccah | Central Library | Central Library | First floor | 07/02/2013 | 195.00 | 615.321 EVA | 000028054 | 15/07/2025 | 243.75 | Book - Borrowing | |||||||||||
| Dewey Decimal Classification | Baccah | Central Library | Central Library | First floor | 07/02/2013 | 195.00 | 615.321 EVA | 000028059 | 15/07/2025 | 243.75 | Book - Borrowing | |||||||||||
| Dewey Decimal Classification | Baccah | Central Library | Central Library | First floor | 07/02/2013 | 195.00 | 615.321 EVA | 000028060 | 15/07/2025 | 243.75 | Book - Borrowing | |||||||||||
| Dewey Decimal Classification | Baccah | Central Library | Central Library | First floor | 07/02/2013 | 195.00 | 615.321 EVA | 000028057 | 15/07/2025 | 243.75 | Book - Borrowing | |||||||||||
| Dewey Decimal Classification | Baccah | Central Library | Central Library | First floor | 07/02/2013 | 195.00 | 615.321 EVA | 000028058 | 15/07/2025 | 243.75 | Book - Borrowing |